| 000 | 004270000a22001690004500 | ||
|---|---|---|---|
| 003 | MACL | ||
| 005 | 20151229181637.0 | ||
| 008 | 151229b xxu||||| |||| 00| 0 eng d | ||
| 040 |
_aMACL _cMACL |
||
| 041 | _aEnglish | ||
| 082 | _a301/FUC | ||
| 100 |
_aFuchs, Stephen _923745 |
||
| 245 | _aThe Origin of Man and His Culture | ||
| 260 |
_bAsia Publishing House _c1963 |
||
| 650 |
_aSociology _924511 |
||
| 942 |
_cBK _k301/FUC _2ddc |
||
| 999 |
_c35477 _d35477 |
||